|
|
|
|
| LEADER |
01937nam a2200445 i 4500 |
| 001 |
EBC1778760 |
| 003 |
MiAaPQ |
| 005 |
20200520144314.0 |
| 006 |
m o d | |
| 007 |
cr cnu|||||||| |
| 008 |
140810t20142014enk o 000 0 eng d |
| 020 |
|
|
|z 9781849285636
|
| 020 |
|
|
|z 9781849280716
|
| 020 |
|
|
|a 9781849285643
|q (electronic bk.)
|
| 035 |
|
|
|a (MiAaPQ)EBC1778760
|
| 035 |
|
|
|a (Au-PeEL)EBL1778760
|
| 035 |
|
|
|a (CaPaEBR)ebr10904544
|
| 035 |
|
|
|a (OCoLC)888035942
|
| 040 |
|
|
|a MiAaPQ
|b eng
|e rda
|e pn
|c MiAaPQ
|d MiAaPQ
|
| 050 |
|
4 |
|a HD30.28
|b .C665 2014
|
| 082 |
0 |
|
|a 658.4012
|2 23
|
| 100 |
1 |
|
|a Cooke, Jamie Lynn,
|e author.
|
| 245 |
1 |
0 |
|a Agile productivity unleashed :
|b proven approaches for achieving real productivity gains in any organization /
|c Jamie Lynn Cooke.
|
| 250 |
|
|
|a Second edition.
|
| 264 |
|
1 |
|a Cambridgeshire, [England] :
|b IT Governance Publishing,
|c 2014.
|
| 264 |
|
4 |
|c 2014
|
| 300 |
|
|
|a 1 online resource (390 pages)
|
| 336 |
|
|
|a text
|2 rdacontent
|
| 337 |
|
|
|a computer
|2 rdamedia
|
| 338 |
|
|
|a online resource
|2 rdacarrier
|
| 588 |
|
|
|a Description based on online resource; title from PDF title page (ebrary, viewed August 10, 2014).
|
| 590 |
|
|
|a Electronic reproduction. Ann Arbor, MI : ProQuest, 2015. Available via World Wide Web. Access may be limited to ProQuest affiliated libraries.
|
| 650 |
|
0 |
|a Business planning.
|
| 650 |
|
0 |
|a Industrial management.
|
| 650 |
|
0 |
|a Information technology
|x Management.
|
| 650 |
|
0 |
|a Organizational effectiveness.
|
| 655 |
|
4 |
|a Electronic books.
|
| 776 |
0 |
8 |
|i Print version:
|a Cooke, Jamie Lynn.
|t Agile productivity unleashed : proven approaches for achieving real productivity gains in any organization.
|b Second edition.
|d Cambridgeshire, [England] : IT Governance Publishing, c2014
|h 390 pages
|z 9781849285636
|
| 797 |
2 |
|
|a ProQuest (Firm)
|
| 856 |
4 |
0 |
|u https://ebookcentral.proquest.com/lib/matrademy/detail.action?docID=1778760
|z Click to View
|